Ecuador : (Record no. 5162)
[ view plain ]
| 000 -LEADER | |
|---|---|
| fixed length control field | nam a22 7a 4500 |
| 003 - CONTROL NUMBER IDENTIFIER | |
| control field | INP |
| 005 - DATE AND TIME OF LATEST TRANSACTION | |
| control field | 20181105113026.0 |
| 008 - FIXED-LENGTH DATA ELEMENTS--GENERAL INFORMATION | |
| fixed length control field | 180225b2003 wauo|||fr|||| 00| 0 eng d |
| 020 ## - INTERNATIONAL STANDARD BOOK NUMBER | |
| International Standard Book Number | 0821355457 |
| 040 ## - CATALOGING SOURCE | |
| Original cataloging agency | EG-INP |
| Language of cataloging | eng |
| Transcribing agency | EG-INP |
| 082 04 - DEWEY DECIMAL CLASSIFICATION NUMBER | |
| Edition number | 21 |
| Classification number | 338.902 |
| Item number | e c |
| 245 00 - TITLE STATEMENT | |
| Title | Ecuador : |
| Remainder of title | An Economic and Social Agenda in the New Millennium / |
| Statement of responsibility, etc. | Vicente Fretes-Cibils, Marcelo M. Giugale, José Roberto López-Cálix. |
| 250 ## - EDITION STATEMENT | |
| Edition statement | 1st. Ed. |
| 260 ## - PUBLICATION, DISTRIBUTION, ETC. | |
| Place of publication, distribution, etc. | Washington : |
| Name of publisher, distributor, etc. | the international bank for reconstruction and development, |
| Date of publication, distribution, etc. | 2003. |
| 300 ## - PHYSICAL DESCRIPTION | |
| Extent | 546 p. : |
| Other physical details | ill ; |
| Dimensions | 24 cm. |
| 520 ## - SUMMARY, ETC. | |
| Summary, etc. | The book focuses on three overarching themes: fiscal consolidation and growth; social development; and, quality of government, and, documents Ecuador's development trends, policies, and options. The fundamental challenges facing the country are identified within this book, and the solutions represent a break with the past: this is a proposal for an agenda with a broad, and integrated vision of economic, and social development in Ecuador. |
| 653 #0 - INDEX TERM--UNCONTROLLED | |
| Uncontrolled term | africa. |
| 653 #0 - INDEX TERM--UNCONTROLLED | |
| Uncontrolled term | Ecuador. |
| 653 #0 - INDEX TERM--UNCONTROLLED | |
| Uncontrolled term | economy. |
| 653 #0 - INDEX TERM--UNCONTROLLED | |
| Uncontrolled term | society. |
| 653 #0 - INDEX TERM--UNCONTROLLED | |
| Uncontrolled term | economic planning. |
| 700 1# - ADDED ENTRY--PERSONAL NAME | |
| Personal name | .Giugale, Marcelo M. |
| 700 1# - ADDED ENTRY--PERSONAL NAME | |
| Personal name | López-Cálix, José Roberto. |
| 901 ## - Cataloger Code | |
| a | EGPV1 |
| 903 ## - original or copycat | |
| a | original |
| 942 ## - ADDED ENTRY ELEMENTS (KOHA) | |
| Source of classification or shelving scheme | Dewey Decimal Classification |
| Koha item type | international organizations |
| Withdrawn status | Lost status | Source of classification or shelving scheme | Damaged status | Not for loan | Collection code | Home library | Current library | Shelving location | Date acquired | Total Checkouts | Full call number | Barcode | Date last seen | Price effective from | Koha item type |
|---|---|---|---|---|---|---|---|---|---|---|---|---|---|---|---|
| Dewey Decimal Classification | Library INP | Library INP | Journals Hall | 05/11/2018 | 338.902 e c | 019867 | 28/03/2022 | 05/11/2018 | international organizations |
Institute of National Planning Catalog